000 00676nam a2200229 a 4500
008
020 _a0256031746 (pbk.)
049 0 _aMAIN
090 _aH62.A5
100 1 _aAlreck, Pamela L.
245 1 4 _aThe survey research handbook /
_cPamela L. Alreck, Robert B. Settle.
260 _aHomewood, Ill. :
_bR.D. Irwin,
_cc1985.
300 _axix, 429 p. :
_bill. ;
_c23cm.
500 _aIncludes index.
650 0 _aSocial surveys
_xHandbooks, manuals, etc.
700 1 _aSettle, Robert B.
907 _a.b10078253
_b08-08-09
_c19-06-03
003
005 20230123133302.0
040 _cNUST
942 _cBOOKS
_kH62.A5
999 _c145967
_d145967